| Tag |
First Indicator |
Second Indicator |
Subfields |
| LEADER |
00000cam a2200000 a 4500 |
| 001 |
in00002378613 |
| 005 |
20151109041719.0 |
| 008 |
070509s2007 mdu b 000 0 eng |
| 010 |
|
|
|a 2007019328
|
| 020 |
|
|
|a 9781590080450
|
| 020 |
|
|
|a 1590080459
|
| 035 |
|
|
|a (OCoLC)ocn128237208
|
| 035 |
|
|
|a (OCoLC)128237208
|
| 040 |
|
|
|a DLC
|c DLC
|d YDX
|d BTCTA
|d BAKER
|d YDXCP
|d UtOrBLW
|
| 043 |
|
|
|a n-us---
|
| 049 |
|
|
|a TXAM
|
| 050 |
0 |
0 |
|a HN90.P8
|b I85 2007
|
| 082 |
0 |
0 |
|a 305.6/970973
|2 22
|
| 245 |
0 |
0 |
|a Islamophobia and anti-Americanism :
|b causes and remedies /
|c edited by Mohamed Nimer.
|
| 250 |
|
|
|a 1st ed.
|
| 264 |
|
1 |
|a Beltsville, Md. :
|b Amana publications,
|c 2007.
|
| 300 |
|
|
|a xv, 152 pages ;
|c 23 cm.
|
| 336 |
|
|
|a text
|b txt
|2 rdacontent
|
| 337 |
|
|
|a unmediated
|b n
|2 rdamedia
|
| 338 |
|
|
|a volume
|b nc
|2 rdacarrier
|
| 504 |
|
|
|a Includes bibliographical references (pages 145-152).
|
| 505 |
0 |
|
|a Islamophobia and anti-Americanism are mutually reinforcing / Mohamed Nimer -- Prejudice is real and exacts a heavy toll / Parvez Ahmed -- Truth and vanity shape anti-Americanism and Islamophobia / Louay Safi -- Charging opponents with anti-Americanism is old politics / John Voll -- America and the Muslim world must change their love-hate relationship / Anwar Ibrahim -- We should deconstruct our supremacist master narratives / Scott C. Alexander -- Let us re-examine the concept of secularism / Jamal Badawi -- Human rights violations fuel anti-Americanism / Chip Pitts -- American imperialism feeds anti-Americanism / Louis Cantori -- Popular media and opinion leaders are to blame / Samer Shehata -- Al-Jazeera is not the culprit / Hafiz al-Mirazi -- The problem is knee-jerk reactions and counter-reactions / Claude Salhani -- What is taking place is a clash of cousins / James Jones -- We should build on the great values shared by all religions / Muzammil Siddiqi -- Do not stereotype evangelicals / Richard Cizik -- Let's take our shared values to the public square / Shanta Premawardhana -- Let us be on the side of America's greatness / Cherrif Bassiouni -- American Muslims are playing a role in bridging the chasm / Asma Afsaruddin.
|
| 650 |
|
0 |
|a Islam
|x Public opinion.
|
| 650 |
|
0 |
|a Public opinion
|z United States.
|
| 651 |
|
0 |
|a United States
|x Foreign public opinion.
|
| 650 |
|
0 |
|a Public opinion
|z Islamic countries.
|
| 651 |
|
0 |
|a Islamic countries
|x Relations
|z United States.
|
| 651 |
|
0 |
|a United States
|x Relations
|z Islamic countries.
|
| 700 |
1 |
|
|a Nimer, Mohamed,
|d 1960-
|
| 856 |
4 |
1 |
|3 Table of contents only
|u http://www.loc.gov/catdir/toc/ecip0717/2007019328.html
|t 0
|
| 938 |
|
|
|a Baker and Taylor
|b BTCP
|n BK0007525477
|
| 938 |
|
|
|a YBP Library Services
|b YANK
|n 2567615
|
| 938 |
|
|
|a Baker & Taylor
|b BKTY
|c 14.95
|d 14.95
|i 1590080459
|n 0007525477
|s active
|
| 945 |
|
|
|a PromptCat
|b 371705
|
| 946 |
|
|
|a stk
|
| 947 |
|
|
|a A14836860891
|
| 994 |
|
|
|a 92
|b TXA
|
| 948 |
|
|
|a cataloged
|b h
|c 2008/4/2
|d c
|e asalazar
|f 1:47:14 pm
|
| 999 |
|
|
|a MARS
|
| 999 |
f |
f |
|s c06a6a79-f08b-356c-955d-39c061ecb688
|i b4f4acad-0b27-3986-81f1-9fb644eb7d30
|t 0
|
| 952 |
f |
f |
|p ric
|a Texas A&M University
|b Rellis Campus
|c Joint Library Facility
|d Remote Storage
|t 0
|e HN90.P8 I85 2007
|h Library of Congress classification
|i unmediated -- volume
|m A14836860891
|
| 998 |
f |
f |
|a HN90.P8 I85 2007
|t 0
|l Remote Storage
|